00559nam a2200169Ia 4500008004100000020001800041041000800059082001800067100001600085245002800101250000600129260006100135300001100196650003600207999001900243952012700262210716s2008 xx 000 0 und d a9780070421301 aeng a658.8102 GHOJ aGhosh, Joy. aSAP project management. a1 aNew DelhibTata McGraw Hill Publishing Company Ltdc2008 axx;515 aSales & Distribution Management c209291d209291 001040708MBAaAIMITbAIMITd2021-07-16g735.00l0o658.8102 GHOJpMBA11857r2026-05-23 00:00:00v588.00w2021-07-16yBK